000 00263nam a2200109Ia 4500
001 588713
005 20250717120836.0
008 250717s9999 xx 000 0 und d
245 0 _aZ-1 32 DİŞ
_cİSMAİL BİLGİN
260 _bERDEM YAYINLARI
_c2020
300 _b78
999 _c588713
_d588713